00918nam a22002057a 450000500170000000800390001702000150005605000240007124501220009525000110021726001220022830000210035050400280037165000540039965100740045365100730052770000340060070000460063471000320068020250306093827.0 s mx gr|||| 00| 0 spa|d a968895989804aHF1642.55bM49 200000aMéxico en la dinámica de la Cuenca del Pacíficoc / Yoon Bong Seo, Claudia Macías Rodríguez (compiladores). a1a ed. aGuadalajara, México : bUniversidad de Guadalajara. Centro Universitario de Ciencias Sociales Y Humanidades, c2000 a127 p. ;c22 cm. aIncluye bibliografías aComercioxRelaciones económicas internacionales 4aÁrea del PacíficoxRelaciones económicas extranjeraszMéxico  4aMéxicoxRelaciones económicas extranjeraszÁrea del Pacífico1 aBong Seo, Yoon‏ecompilador1 aMacías Rodríguez, Claudiaecompilador2 aUniversidad de Guadalajara.